US City Triples Quiz Stats

 Plays Quiz Updated Nov 14, 2014

Challenge
Share
Tweet
Score 0/75 Timer 04:00
0 Plays Today
section US City % Correct
1-2-3Cleveland
95.2%
4-5-6Cleveland
95.2%
7-8-9Cleveland
95.2%
1-2-3Lexington
94.1%
4-5-6Lexington
94.1%
7-8-9Lexington
94.1%
1-2-3Arlington
92.7%
4-5-6Arlington
92.7%
7-8-9Arlington
92.7%
1-2-3Baltimore
91.8%
4-5-6Baltimore
91.8%
7-8-9Baltimore
91.8%
1-2-3Annapolis
86.9%
4-5-6Annapolis
86.9%
7-8-9Annapolis
86.9%
1-2-3Des Moines
85.7%
4-5-6Des Moines
85.7%
7-8-9Des Moines
85.7%
1-2-3Anchorage
84.8%
4-5-6Anchorage
84.8%
7-8-9Anchorage
84.8%
1-2-3Milwaukee
83.5%
4-5-6Milwaukee
83.5%
7-8-9Milwaukee
83.5%
1-2-3Nashville
81.6%
4-5-6Nashville
81.6%
7-8-9Nashville
81.6%
1-2-3Cambridge
75.4%
4-5-6Cambridge
75.4%
7-8-9Cambridge
75.4%
1-2-3Kalamazoo
73.8%
4-5-6Kalamazoo
73.8%
7-8-9Kalamazoo
73.8%
1-2-3Rochester
73.7%
4-5-6Rochester
73.7%
7-8-9Rochester
73.7%
1-2-3Charlotte
73.1%
4-5-6Charlotte
73%
section US City % Correct
7-8-9Charlotte
73%
1-2-3Fort Worth
71%
4-5-6Fort Worth
71%
7-8-9Fort Worth
71%
1-2-3Frankfort
68.8%
4-5-6Frankfort
68.8%
7-8-9Frankfort
68.8%
1-2-3Sioux City
68.5%
4-5-6Sioux City
68.5%
7-8-9Sioux City
68.5%
1-2-3Hollywood
68.1%
4-5-6Hollywood
68.1%
7-8-9Hollywood
68.1%
1-2-3Riverside
65.1%
4-5-6Riverside
65.1%
7-8-9Riverside
65.1%
1-2-3Worcester
65%
4-5-6Worcester
65%
7-8-9Worcester
65%
1-2-3Davenport
63.8%
4-5-6Davenport
63.8%
7-8-9Davenport
63.8%
1-2-3Fort Wayne
60%
4-5-6Fort Wayne
60%
7-8-9Fort Wayne
60%
1-2-3Fairbanks
58.9%
4-5-6Fairbanks
58.9%
7-8-9Fairbanks
58.9%
7-8-9Fullerton
58.7%
1-2-3Flagstaff
58.7%
4-5-6Flagstaff
58.7%
7-8-9Flagstaff
58.7%
1-2-3Fullerton
58.7%
4-5-6Fullerton
58.7%
1-2-3Long Beach
50.5%
4-5-6Long Beach
50.5%
7-8-9Long Beach
50.5%

You're not logged in!

Compare scores with friends on all Sporcle quizzes.
OR
Log In

You Might Also Like...

Show Comments

Extras

Top Quizzes Today


Score Distribution

Your Account Isn't Verified!

In order to create a playlist on Sporcle, you need to verify the email address you used during registration. Go to your Sporcle Settings to finish the process.

Report this User

Report this user for behavior that violates our Community Guidelines.

Details: